000 00319nam a2200133Ia 4500
008 151001s9999||||xx |||||||||||||| ||und||
100 _aKaushik Bhattacharya
245 _aa gimpes of rabindrnathas india
250 _a1
260 _bkastari bhattacharya kolkata
260 _c2011
300 _a76
365 _b21
999 _c999247
_d999244